000 00294nam a22001217a 4500
008 180419b xxu||||| |||| 00| 0 eng d
041 _aeng
080 _a043.3
100 _a0
101 _aBTH
245 _aBenefitet e përdorimit të Cloud Computing në Edukim
_cAsllani,A
942 _2udc
_cBK
999 _c45295
_d45295